书目信息 |
| 题名: |
刘宝瑞表演单口相声选
|
|
| 作者: | 刘宝瑞 口述 | |
| 分册: | ||
| 出版信息: | 北京 中国曲艺出版社 1983.12 |
|
| 页数: | 450页 | |
| 开本: | 20cm | |
| 丛书名: | ||
| 单 册: | ||
| 中图分类: | I239.7 | |
| 科图分类: | ||
| 主题词: | 戏剧文学--剧本--中国 | |
| 电子资源: | ||
| ISBN: | ||
| 000 | 00589nam0 2200193 45 | |
| 001 | 0312221749 | |
| 005 | 20031222170806.4 | |
| 010 | @dCNY1.35 | |
| 100 | @a20031222d1983 km y0chiy0120 ea | |
| 101 | @achi | |
| 105 | @a z 000yy | |
| 200 | 1 | @a刘宝瑞表演单口相声选@ALiu Bao Rui Biao Yan Dan Kou Xiang Sheng Xuan@f刘宝瑞口述@FLiu Bao Rui Kou Shu |
| 210 | @a北京@c中国曲艺出版社@d1983.12 | |
| 215 | @a450页@d20cm | |
| 606 | 0 | @a戏剧文学@x剧本@x中国 |
| 690 | @aI239.7@v3 | |
| 701 | 0 | @a刘宝瑞@4口述 |
| 801 | @aCN@bTSTCL@c20031222 | |
| 905 | @a213230@dI239.7@e36@b108392-394@f3@b179486-489@f4 | |
| 刘宝瑞表演单口相声选/刘宝瑞口述.-北京:中国曲艺出版社,1983.12 |
| 450页;20cm |
| ISBN :CNY1.35 |
| ● |
| 相关链接 |
|
|
|
|
正题名:刘宝瑞表演单口相声选
索取号:I239.7/36
 
预约/预借
| 序号 | 登录号 | 条形码 | 馆藏地/架位号 | 状态 | 备注 |
| 1 | 0108392 | 000961597 | 第二借阅区/ [索取号:I239.7/36] | 在馆 | |
| 2 | 0108393 | 000961588 | 第二借阅区/ [索取号:I239.7/36] | 在馆 | |
| 3 | 0108394 | 000961604 | 第一样本阅览室/ [索取号:I239.7/36] | 在馆 | |
| 4 | 0179486 | 000961622 | 第二借阅区/ [索取号:I239.7/36] | 在馆 | |
| 5 | 0179487 | 000961579 | 修补库/ [索取号:I239.7/36] | 在馆 | |
| 6 | 0179488 | 000961560 | 第二借阅区/ [索取号:I239.7/36] | 在馆 | |
| 7 | 0179489 | 000961613 | 第二借阅区/ [索取号:I239.7/36] | 在馆 |